| 000 | 00821nam a2200265 a 4500 | ||
|---|---|---|---|
| 001 | 000019306 | ||
| 005 | 20200929165958.0 | ||
| 008 | 100601s20uu dr ac 000 0 spa d | ||
| 020 | _a8430533486 | ||
| 040 |
_aDO-SdBNP _bspa _cBNPHU |
||
| 082 |
_a787.87 _bV335g |
||
| 100 | 1 |
_aVásquez de las Heras, Minerva _941522 |
|
| 245 | 1 | 3 |
_aLa guitarra eléctrica / _cMinerva Vásquez de las Heras. |
| 260 |
_aMadrid : _bTikal Ediciones. |
||
| 300 |
_a103 p. : _bil. ; _c26 cm. |
||
| 490 | 1 | _aMusical | |
| 500 | _aIncluye notas al pie de las páginas | ||
| 504 | _aIncluye referencias bibliográficas ( p. 101) | ||
| 650 | 4 |
_aGuitarra eléctrica _941523 |
|
| 650 | 4 |
_aMusica para guitarra _941524 |
|
| 650 | 4 |
_aGuitarristas _941525 |
|
| 650 | 4 |
_aGuitarra _xEnseñanza _941526 |
|
| 830 | 0 |
_aMusical _941527 |
|
| 049 | _aBNPD | ||
| 999 |
_c18824 _d18824 |
||